NCAA Division I Men's Ice Hockey Teams - Statistics

General Stats
  • This quiz has been taken 97 times
  • The average score is 48 of 64
Answer Stats
Conference Team % Correct
Hockey East Boston College Eagles
97%
Big Ten Michigan Wolverines
97%
Big Ten Minnesota Golden Gophers
97%
Big Ten Ohio State Buckeyes
97%
Big Ten Penn State Nittany Lions
97%
Big Ten Wisconsin Badgers
97%
NCHC Denver Pioneers
95%
Hockey East Maine Black Bears
95%
Big Ten Michigan State Spartans
95%
Hockey East UMass Minutemen
95%
Independent Alaska Nanooks
93%
Hockey East Boston University Terriers
93%
ECAC Hockey Harvard Crimson
93%
Hockey East Providence Friars
93%
AHA Army Black Knights
91%
CCHA Bowling Green Falcons
91%
NCHC North Dakota Fighting Hawks
91%
Hockey East UConn Huskies
91%
AHA Air Force Falcons
90%
Big Ten Notre Dame Fighting Irish
90%
ECAC Hockey Yale Bulldogs
90%
Independent Arizona State Sun Devils
88%
NCHC Minnesota-Duluth Bulldogs
88%
NCHC Western Michigan Broncos
88%
Independent Alaska Anchorage Seawolves
86%
Hockey East New Hampshire Wildcats
86%
Hockey East Vermont Catamounts
86%
ECAC Hockey Princeton Tigers
84%
ECAC Hockey Brown Bears
83%
ECAC Hockey Dartmouth Big Green
83%
NCHC Omaha Mavericks
83%
Hockey East UMass-Lowell River Hawks
83%
CCHA Minnesota State Mavericks
81%
ECAC Hockey Cornell Big Red
79%
NCHC St. Cloud State Huskies
74%
CCHA Bemidji State Beavers
72%
Hockey East Northeastern Huskies
72%
CCHA Northern Michigan Wildcats
71%
ECAC Hockey Quinnipiac Bobcats
69%
NCHC Miami of Ohio RedHawks
66%
CCHA Michigan Tech Huskies
66%
ECAC Hockey Colgate Raiders
64%
NCHC Colorado College Tigers
64%
AHA Holy Cross Crusaders
62%
Independent LIU Sharks
62%
Hockey East Merrimack Warriors
60%
CCHA Lake Superior State Lakers
59%
Independent Lindenwood Lions
59%
AHA Sacred Heart Pioneers
59%
CCHA Ferris State Bulldogs
57%
AHA RIT Tigers
57%
AHA Robert Morris Colonials
57%
ECAC Hockey RPI Engineers
57%
AHA Canisius Golden Griffins
55%
AHA Niagara Purple Eagles
55%
CCHA St. Thomas Tommies
55%
AHA Mercyhurst Lakers
53%
Independent Stonehill Skyhawks
53%
ECAC Hockey Union Garnet Chargers
50%
AHA American International Yellow Jackets
48%
ECAC Hockey St. Lawrence Saints
45%
ECAC Hockey Clarkson Golden Knights
43%
CCHA Augustana (SD) Vikings
41%
AHA Bentley Falcons
36%
No matching quizzes found
Score Distribution
Percent of People with Each Score
Percentile by Number Answered
Your Score History
You have not taken this quiz